<?xml version="1.0" encoding="UTF-8"?>
<record
    xmlns:xsi="http://www.w3.org/2001/XMLSchema-instance"
    xsi:schemaLocation="http://www.loc.gov/MARC21/slim http://www.loc.gov/standards/marcxml/schema/MARC21slim.xsd"
    xmlns="http://www.loc.gov/MARC21/slim">

  <leader>01288nam a2200277 i 4500</leader>
  <controlfield tag="001">768714001</controlfield>
  <controlfield tag="003">CO-MdFUSB</controlfield>
  <controlfield tag="005">20230131121256.0</controlfield>
  <controlfield tag="007">ta</controlfield>
  <controlfield tag="008">220217t1987    bl  |||| |||| 00| 0 spa d</controlfield>
  <datafield tag="020" ind1=" " ind2=" ">
    <subfield code="a">[No incluye ISSN]</subfield>
  </datafield>
  <datafield tag="040" ind1=" " ind2=" ">
    <subfield code="a">CO-MdFUSB</subfield>
    <subfield code="b">spa</subfield>
    <subfield code="c">CO-MdFUSB</subfield>
    <subfield code="d">CO-MdFUSBC</subfield>
    <subfield code="e">rda</subfield>
  </datafield>
  <datafield tag="041" ind1=" " ind2=" ">
    <subfield code="a">spa</subfield>
  </datafield>
  <datafield tag="090" ind1=" " ind2=" ">
    <subfield code="a">AV 0516</subfield>
  </datafield>
  <datafield tag="110" ind1=" " ind2=" ">
    <subfield code="a">Consulta Sobre Programas y Proyectos en Am&#xE9;rica Latina y el Caribe</subfield>
  </datafield>
  <datafield tag="245" ind1=" " ind2="3">
    <subfield code="a">El reino es pan, justicia y liberaci&#xF3;n</subfield>
    <subfield code="b">: Consulta Sobre programas y proyectos en Am&#xE9;rica Latina y el Caribe.</subfield>
    <subfield code="f">Mayo 26 - 31, 1986</subfield>
    <subfield code="c">/ Editado por el Departamento Ecuam&#xE9;nico de Investigaciones.</subfield>
  </datafield>
  <datafield tag="264" ind1=" " ind2="0">
    <subfield code="a">Sao Paulo, Brasil :</subfield>
    <subfield code="b">Departamento Ecum&#xE9;nico de Investigaciones, </subfield>
    <subfield code="c">[1987]</subfield>
  </datafield>
  <datafield tag="300" ind1=" " ind2=" ">
    <subfield code="c">53 p&#xE1;ginas ; </subfield>
    <subfield code="a">20 cm</subfield>
  </datafield>
  <datafield tag="336" ind1=" " ind2=" ">
    <subfield code="2">rdacontent</subfield>
    <subfield code="a">texto</subfield>
    <subfield code="b">txt</subfield>
  </datafield>
  <datafield tag="337" ind1=" " ind2=" ">
    <subfield code="2">rdamedia</subfield>
    <subfield code="a">sin mediaci&#xF3;n</subfield>
    <subfield code="b">n</subfield>
  </datafield>
  <datafield tag="338" ind1=" " ind2=" ">
    <subfield code="2">rdacarrier</subfield>
    <subfield code="a">volumen</subfield>
    <subfield code="b">nc</subfield>
  </datafield>
  <datafield tag="505" ind1=" " ind2=" ">
    <subfield code="t">El reino es pan, justicia y Liberaci&#xF3;n. Reflexiones biblico-Teol&#xF3;gicas a partir del Padrenuestro (Lucas 11-1-4 - Mateo 6:9-13) </subfield>
    <subfield code="r">/ Zwinglio Mota D&#xED;as</subfield>
    <subfield code="t">El hambre en Am&#xE9;rica Latina</subfield>
    <subfield code="r">/ Herbert de Souza</subfield>
    <subfield code="t">Elementos de interpretaci&#xF3;n de la coyuntura eclesial en Am&#xE9;rica Latina.</subfield>
    <subfield code="r">/ Jether Pereira Jaramillo</subfield>
  </datafield>
  <datafield tag="563" ind1=" " ind2=" ">
    <subfield code="a">R&#xFA;stico</subfield>
  </datafield>
  <datafield tag="650" ind1=" " ind2="7">
    <subfield code="9">405</subfield>
    <subfield code="a">Sociolog&#xED;a cristiana</subfield>
  </datafield>
  <datafield tag="942" ind1=" " ind2=" ">
    <subfield code="c">AV</subfield>
  </datafield>
  <datafield tag="952" ind1=" " ind2=" ">
    <subfield code="0">0</subfield>
    <subfield code="1">0</subfield>
    <subfield code="2">ddc</subfield>
    <subfield code="4">0</subfield>
    <subfield code="7">0</subfield>
    <subfield code="8">AV</subfield>
    <subfield code="a">FUSBC</subfield>
    <subfield code="b">FUSBC</subfield>
    <subfield code="d">2022-02-17</subfield>
    <subfield code="l">0</subfield>
    <subfield code="o">AV 0162</subfield>
    <subfield code="p">13574</subfield>
    <subfield code="r">2022-02-17 00:00:00</subfield>
    <subfield code="t">Ej.1</subfield>
    <subfield code="w">2022-02-17</subfield>
    <subfield code="y">AV</subfield>
  </datafield>
  <datafield tag="999" ind1=" " ind2=" ">
    <subfield code="c">67239</subfield>
    <subfield code="d">67239</subfield>
  </datafield>
</record>
